NOVÉ LOKALITY NIEKTORÝCH CHRÁNENÝCH A INÝCH VZÁCNEJŠÍCH DRUHOV NAŠEJ FLÓRY

Bibliographic Details
Main Author: Jurko, Anton, 1924-1997 (Author)
Format: Article
Language:Slovak

MARC

LEADER 00000nab a2200000uu 4500
001 vtls011451992
003 SK-MaSNL
005 20260303123305.0
008 230213|1962 xo |||||||||||||||||slo|
015 |a SNBRB 
035 |a (urnnbn)urn:nbn:sk:snk:ar-007iuv 
035 |a (uuid)15b5c5a3-4fe6-4f0c-b2f1-8ca8fac6052c 
035 |a urn:nbn:sk:snk-abcntr 
040 |a SNKBUCL  |b slo  |c SNKBUCL  |e AACR2 
041 0 |a slo 
044 |a xo  |c SK 
100 1 |a Jurko, Anton,  |d 1924-1997  |4 aut  |9 74433 
245 1 0 |a NOVÉ LOKALITY NIEKTORÝCH CHRÁNENÝCH A INÝCH VZÁCNEJŠÍCH DRUHOV NAŠEJ FLÓRY  |c Anton Jurko 
773 0 |t Biológia : časopis Slovenskej akadémie vied  |g Roč. 17, č. 5 (1962), s. 379-383 
954 |a odborná, vedecká literatúra pôvodná (slovenská)  |2 lita 
958 |a OND 
958 |a EUIPO 
958 |a article16 
999 |c 1924921  |d 1926851